| 000 | 00439nam a22001577a 4500 | ||
|---|---|---|---|
| 005 | 20251108165256.0 | ||
| 008 | 250721s1986 xx 000 0 ara d | ||
| 082 | 1 | 4 | _a956.94/صلا |
| 100 | 1 | _aأحمد، صلاح زكي | |
| 245 | 1 | 0 | _aنظرية الأمن الإسرائيلي / |
| 264 | 1 |
_aبيروت : _bدار ابن زيدون، _c1986. |
|
| 300 | _a154ص | ||
| 650 | 1 | 7 | _aالصهيونية |
| 942 |
_2ddc _cBK |
||
| 999 |
_c23866 _d23866 |
||